Apostilla al fallo "Guzmán Albarracín" de la Corte Interamericana de Derechos Humanos (Registro nro. 31961)
[ vista simple ]
| 000 -LEADER | |
|---|---|
| fixed length control field | 00410 a2200121 4500 |
| 001 - CONTROL NUMBER | |
| control field | ART_52860 |
| 005 - DATE AND TIME OF LATEST TRANSACTION | |
| control field | 20260410162008.0 |
| 008 - FIXED-LENGTH DATA ELEMENTS--GENERAL INFORMATION | |
| fixed length control field | 260409a |
| 100 1# - MAIN ENTRY--PERSONAL NAME | |
| Personal name | Terragni, Martiniano |
| 245 10 - TITLE STATEMENT | |
| Title | Apostilla al fallo "Guzmán Albarracín" de la Corte Interamericana de Derechos Humanos |
| 700 1# - ADDED ENTRY--PERSONAL NAME | |
| Personal name | Freedman, Diego |
| 773 0# - HOST ITEM ENTRY | |
| Title | Temas de derecho civil |
| Related parts | - Año 7, N° 7 (jul. 2021) |
| Record control number | REV34778 |
No hay ítems disponibles.